Logo BPK

Biblioteka

Politechniki Koszalińskiej

Pol'sko-russkij slovar' po elektrotechnike i elektronike / (Rekord nr 28799)

Szczegóły MARC
000 -ETYKIETA REKORDU
podpole kontrolne o stałej długości 00381nam a2200145 i 4500
001 - NUMER KONTROLNY REKORDU
pole kontrolne bg
040 ## - ŹRÓDŁO KATALOGOWANIA
Instytucja, która utworzyła rekord BPK
041 ## - KOD JĘZYKA
Kod języka tekstu pol
008 - POLE O STAŁEJ DŁUGOŚCI - DANE KONTROLNE
podpole kontrolne o stałej długości s pl f |000 0 pol
100 1# - NAZWA OSOBOWA
Nazwa osobowa OBUCHOV, Viktor A.
245 #0 - TYTUŁ/ODPOWIEDZIALNOŚĆ
Tytuł Pol'sko-russkij slovar' po elektrotechnike i elektronike /
Pozostałe elementy strefy tytułu i oznaczenia odpowiedzialności V.A. Obuchov, J.M. Judin.
260 ## - STREFA ADRESU WYDAWNICZEGO
Miejsce wydania Moskva,
Data publikacji, dystrybucji/powstania dokumentu 1988.
700 1# - HASŁO DODATKOWE - NAZWA OSOBOWA
Nazwa osobowa JUDIN, Igor M.
942 ## - DODATKOWE ELEMENTY (KOHA)
Typ dokumentu Książka
Egzemplarze
Wycofany Status egzemplarza Uszkodzony Dostępność Lokalizacja stała Lokalizacja bieżąca Miejsce przechowywania Sygnatura Kod kreskowy Typ dokumentu
      Dostępny Biblioteka Politechniki Koszalińskiej Biblioteka Politechniki Koszalińskiej Wypożyczalnia BG 34697 01596557 Książka
© 2023 Biblioteka Politechniki Koszalińskiej :: KOHA